Vista normal
Vista MARC
Entrada Topical Term
Número de registros utilizados en: 4
001 - CONTROL NUMBER
- control field: 3213
003 - CONTROL NUMBER IDENTIFIER
- control field: OSt
005 - DATE AND TIME OF LATEST TRANSACTION
- control field: 20200418002521.0
008 - FIXED-LENGTH DATA ELEMENTS
- fixed length control field: 200418|| aca||aabn | a|a d
040 ## - CATALOGING SOURCE
- Original cataloging agency: OSt
- Transcribing agency: OSt
150 ## - HEADING--TOPICAL TERM
- Topical term or geographic name entry element: Libertad de información
670 ## - SOURCE DATA FOUND
- Source citation: Work cat.: (OSt)5220: Novoa Monreal, Eduardo, autor 3211, Derecho a la vida privada y libertad de información : , 1981